[Event "Burjassot U2200 op 5th"]
[Site "Burjassot"]
[Date "2017.10.27"]
[Round "7"]
[White "Orts Candelas, Francesc"]
[Black "Villa Campos, Josep Antoni"]
[Result "0-1"]
[WhiteElo "1132"]
[BlackElo "1505"]
[PlyCount "31"]
[EventDate "2017.09.08"]
[EventType "swiss"]
[EventRounds "7"]
[EventCountry "ESP"]
[SourceTitle "EXT 2024"]
[Source "ChessBase"]
[SourceDate "2023.10.10"]
[SourceVersion "1"]
[SourceVersionDate "2023.10.10"]
[SourceQuality "1"]

1. d4 d5 2. Bg5 h6 3. Bf4 Nf6 4. Nd2 Nbd7 5. e3 c5 6. Ngf3 Nh5 7. Bg3 e6 8. c4 Nxg3 9. hxg3 Bd6 10. Ng5 Qxg5 11. Nf3 Qe7 12. Be2 Nb6 13. b3 Bd7 14. dxc5 Bxc5 15. Ne5 Bb4+ 16. Kf1 0-1